000 01088naa a22002657a 4500
001 BR9404177
003 BR-BrBNA
005 20240918181226.0
007 ta
008 230509b bl.||||| |||| 00| 0 por d
040 _aBR-BrBNA
_bpor
_cBiblioteca Nacional de Agricultura
041 _a(Es)
072 _aH10
_b4020
090 _aH10 BR9404177
100 1 _aPla, M.B.
111 1 _aConferencia Regional da Vespa da Madeira, Sirex noctilio, na America do Sul
_c23-27 Nov 1992
_dFlorianopolis, SC (Brazil)
245 1 _aSituacion del Sirex noctilio F. y otros insectos plaga florestales en Uruguay
260 3 _aColombo, PR (Brasil):
_c1993.
500 _aAnais da Conferencia Regional da Vespa da Madeira, Sirex noctilio, na America do Sul Colombo, PR (Brasil): 1993. p. 65-71 (BR9404177-AM)H10
650 _aRecurso Florestal
650 _aVespa-da-Madeira
773 0 _tAnais da Conferencia Regional da Vespa da Madeira, Sirex noctilio, na America do Sul
_wH10 BR9404177
_gColombo, PR (Brasil), 1993. p. 65-71
909 _a202404
_bLucia
_c55
_dLucia Elande
942 _cAM
_2AGRIS
999 _c324207
_d324207